Frequency-Dependent Electrocaloric (EC) Effect of Polymer Blends_ (Record no. 565299)
[ view plain ]
| 000 -LEADER | |
|---|---|
| fixed length control field | 00356nam a2200121Ia 4500 |
| 008 - FIXED-LENGTH DATA ELEMENTS--GENERAL INFORMATION | |
| fixed length control field | 210430s9999 xx 000 0 und d |
| 020 ## - INTERNATIONAL STANDARD BOOK NUMBER | |
| International Standard Book Number | 978-3-659-63396-6 |
| 082 ## - DEWEY DECIMAL CLASSIFICATION NUMBER | |
| Classification number | 668.9 S5391F |
| 100 ## - MAIN ENTRY--PERSONAL NAME | |
| Personal name | Mudassar Shehzad |
| 9 (RLIN) | 54657 |
| 245 ## - TITLE STATEMENT | |
| Title | Frequency-Dependent Electrocaloric (EC) Effect of Polymer Blends_ |
| Statement of responsibility, etc. | Mudassar Shehzad |
| 300 ## - PHYSICAL DESCRIPTION | |
| Extent | 42 |
| 942 ## - ADDED ENTRY ELEMENTS (KOHA) | |
| Koha item type | Book |
| Source of classification or shelving scheme | |
| Withdrawn status | Lost status | Damaged status | Not for loan | Collection code | Permanent Location | Current Location | Shelving location | Date acquired | Total Checkouts | Full call number | Barcode | Date last seen | Price effective from | Koha item type |
|---|---|---|---|---|---|---|---|---|---|---|---|---|---|---|
| School of Chemical & Materials Engineering (SCME) | School of Chemical & Materials Engineering (SCME) | General Stacks | 09/15/4 | 668.9 S5391F | SCME-4590 | 04/30/2021 | 04/30/2021 | Book |
